| 000 | 00869nam a2200265 a 4500 | ||
|---|---|---|---|
| 008 | 951213s1979||||[C 0 slo c | ||
| 020 |
_c24 Kčs. _q(15000 výtl.) |
||
| 040 |
_aSNK _bslo _cSNK _eAACR2 |
||
| 041 | 1 |
_aslo _hger |
|
| 044 |
_axo _cSK |
||
| 080 | _a830-3 | ||
| 100 | 1 |
_aFontane, Theodor _4aut |
|
| 245 | 1 | 0 |
_aStechlin _cTheodor Fontane ; Perla Bžochová, Viera Juríčková, Pavel Blažo, Miloš Urbásek, Perla Bžochová |
| 250 | _a1., vyd. | ||
| 260 |
_aBratislava _bTatran _c1979 _eBanská Bystrica _fTlačiarne SNP |
||
| 300 |
_a432 s., 21,19 AH _c21 cm |
||
| 490 | 0 |
_aSvetová tvorba _vZv. 129 |
|
| 500 | _aIlustr. na front. Pozn. a vysvetl. | ||
| 700 | 1 |
_aBžochová, Perla _4trl |
|
| 700 | 1 |
_aJuríčková, Viera _4[ADC] |
|
| 700 | 1 |
_aBlažo, Pavel _4bkd |
|
| 700 | 1 |
_aUrbásek, Miloš _4bkd |
|
| 700 | 1 |
_aBžochová, Perla _4oth |
|
| 958 | _aA | ||
| 999 |
_c10590 _d10590 |
||